000 00669nam a2200289Ia 4500
005 20260324114421.0
008 008 260324s9999 xx 000 0 eng d
020 _a9781003330080
037 _aEBOOK
040 _aCRL
040 _beng
040 _cCRL
041 _2eng
041 _aeng
084 _qCRL
100 _aNelu Grinberg; Peter W. Carr
_91143080
245 0 _aAdvances in Chromatography
245 0 _bVolume 59
260 _bTaylor and Francis
260 _c2022
365 _a
365 _b260
856 _uhttp://www.taylorfrancis.com/books/9781003330080
942 _cEBOOK
999 _c1740861
_d1740861